[Event "TCh-FRA Nat1 Final"]
[Site "Belfort FRA"]
[Date "2004.05.08"]
[Round "8"]
[White "Hamdouchi,H"]
[Black "Sokolov,And1"]
[Result "1/2-1/2"]
[WhiteElo "2544"]
[BlackElo "2589"]
[EventDate "2004.05.01"]

1. e4 c5 2. Nf3 e6 3. d4 cxd4 4. Nxd4 Nc6 5. Nc3 d6 6. Be3 Nf6 7. Bc4 Be7
8. Qe2 a6 9. O-O-O Qc7 10. Kb1 Na5 11. Bd3 b5 12. g4 b4 13. Na4 Bb7 14.
Rhe1 O-O 15. g5 Nxe4 16. Nxe6 fxe6 17. Bb6 Qd7 18. Bxe4 Bxe4 19. Qxe4 Qxa4
20. Qxe6+ Rf7 21. Qd5 Rc8 22. Qxa5 Qxc2+ 23. Ka1 Rf5 24. Qxa6 Bxg5 25. Qe2
Qxe2 1/2-1/2

[Event "TCh-FRA Nat1 Final"]
[Site "Belfort FRA"]
[Date "2004.05.08"]
[Round "8"]
[White "Bricard,E"]
[Black "Libiszewski,F"]
[Result "1/2-1/2"]
[WhiteElo "2450"]
[BlackElo "2441"]
[EventDate "2004.05.01"]

1. g3 e5 2. Bg2 Nf6 3. Nf3 Nc6 4. c4 d5 5. cxd5 Nxd5 6. O-O Be7 7. d4 exd4
8. Nxd4 Nxd4 9. Qxd4 Nf6 10. Qa4+ c6 11. Nc3 Be6 12. e4 O-O 13. h3 Qb6 14.
Qc2 Rfd8 15. Be3 Qa5 16. f4 Bc5 17. Qf2 Bxe3 18. Qxe3 Qb6 19. Qxb6 axb6 20.
Rfd1 b5 21. b3 g6 22. e5 b4 23. Na4 Rxd1+ 24. Rxd1 Nd7 25. g4 Ra7 26. Be4
b5 27. f5 gxf5 28. gxf5 Bd5 29. Bxd5 cxd5 30. e6 fxe6 1/2-1/2

[Event "TCh-FRA Nat1 Final"]
[Site "Belfort FRA"]
[Date "2004.05.08"]
[Round "8"]
[White "Flear,G"]
[Black "Marzolo,C"]
[Result "1/2-1/2"]
[WhiteElo "2489"]
[BlackElo "2409"]
[EventDate "2004.05.01"]

1. d4 Nf6 2. c4 g6 3. Nc3 d5 4. cxd5 Nxd5 5. e4 Nxc3 6. bxc3 Bg7 7. Bc4 c5
8. Ne2 O-O 9. O-O Nc6 10. Be3 e6 11. Qd2 Qa5 12. Qb2 cxd4 13. cxd4 b6 14.
Bb5 Qb4 15. Qxb4 Nxb4 16. Rfc1 Bb7 17. Bd2 Na6 18. Bc6 Bxc6 19. Rxc6 Rfd8
20. Rc4 Rd7 21. Rac1 f5 22. exf5 exf5 23. g3 Re8 24. Be3 Bf8 25. Nf4 Bd6
26. Rc8 Rxc8 27. Rxc8+ 1/2-1/2

[Event "TCh-FRA Nat1 Final"]
[Site "Belfort FRA"]
[Date "2004.05.08"]
[Round "8"]
[White "Riff,JN"]
[Black "Prie,E"]
[Result "1/2-1/2"]
[WhiteElo "2397"]
[BlackElo "2427"]
[EventDate "2004.05.01"]

1. e4 d5 2. exd5 Qxd5 3. Nc3 Qa5 4. d4 Nf6 5. Nf3 Bf5 6. Bc4 c6 7. Bd2 e6
8. Nd5 Qd8 9. Nxf6+ Qxf6 10. Qe2 Bg4 11. d5 Bxf3 12. gxf3 cxd5 13. Bxd5 Nd7
14. O-O-O O-O-O 15. Be4 Qe5 16. Bc3 Qc7 17. Kb1 f6 18. Bd3 Nc5 19. Bc4 Bd6
20. Bxe6+ Kb8 21. Qc4 Nxe6 22. Qxe6 Bxh2 23. Rxd8+ Rxd8 24. a4 h6 25. Qg4
Be5 26. Bxe5 fxe5 27. Re1 Rd2 28. Qf5 a6 29. Qxe5 Rd1+ 30. Ka2 Rxe1 31.
Qxe1 Qxc2 32. Qb4 Qxf2 33. Qf8+ Ka7 34. Qxg7 h5 35. Qh8 Qxf3 36. Qd4+ b6
37. a5 Qf7+ 38. Ka1 Qc7 39. axb6+ Qxb6 40. Qg7+ 1/2-1/2

[Event "TCh-FRA Nat1 Final"]
[Site "Belfort FRA"]
[Date "2004.05.08"]
[Round "8"]
[White "Santo Roman,M"]
[Black "Koch,JR"]
[Result "1-0"]
[WhiteElo "2403"]
[BlackElo "2445"]
[EventDate "2004.05.01"]

1. e4 e5 2. Nf3 Nf6 3. Nxe5 d6 4. Nf3 Nxe4 5. d4 d5 6. Bd3 Nc6 7. O-O Bg4
8. Re1 Be7 9. c3 f5 10. Qb3 O-O 11. Nbd2 Na5 12. Qc2 Nc6 13. b4 a6 14. a4
Kh8 15. Ba3 Bd6 16. b5 axb5 17. Bxd6 cxd6 18. Bxb5 Na5 19. Rac1 Rc8 20. Qb2
Qb6 21. Qb4 Bxf3 22. Nxf3 Rc7 23. Rc2 Rfc8 24. Rec1 Nc4 25. Ne1 Qa5 26. Nd3
Nf6 27. Nb2 b6 28. Nxc4 dxc4 29. Qxd6 Ne4 30. Qe5 Qa7 31. Qxf5 Nd6 32. Qe5
Nxb5 33. Qxb5 Ra8 34. Re2 Rcc8 35. Rce1 Qf7 36. h3 h6 37. Re7 Qf4 38. Qxb6
Rf8 39. d5 Rxa4 40. d6 Ra2 41. d7 Rxf2 42. Qg6 Rf1+ 43. Rxf1 Qxf1+ 44. Kh2
Qf4+ 45. Qg3 1-0

[Event "TCh-FRA Nat1 Final"]
[Site "Belfort FRA"]
[Date "2004.05.08"]
[Round "8"]
[White "Touzane,O"]
[Black "Muller,A"]
[Result "1/2-1/2"]
[WhiteElo "2347"]
[BlackElo "2184"]
[EventDate "2004.05.01"]

1. d4 Nf6 2. Nf3 e6 3. c4 Bb4+ 4. Bd2 Qe7 5. g3 Nc6 6. Bg2 a5 7. O-O Bxd2
8. Qxd2 O-O 9. Nc3 d6 10. e4 e5 11. d5 Nb4 12. a3 Na6 13. b4 Bg4 14. Rab1
c6 15. Ne1 axb4 16. axb4 cxd5 17. Nxd5 Nxd5 18. cxd5 Rfc8 19. Nd3 Bd7 20.
f4 f6 21. fxe5 fxe5 22. Nf2 Nc7 23. Bh3 Ne8 24. Bxd7 Qxd7 25. Rb3 Nf6 26.
Rf3 h6 27. Rxf6 gxf6 28. Qxh6 Qg7 29. Qh3 Qg5 30. Ng4 Rf8 31. Nh6+ Kg7 32.
Nf5+ Kg6 33. Nxd6 Ra2 34. Qf5+ Qxf5 35. exf5+ Kh6 36. Rd1 Kg5 37. Nxb7 Rb8
38. d6 Rxb7 39. d7 Ra8 40. d8=Q Rxd8 41. Rxd8 Rxb4 42. Rg8+ Kxf5 1/2-1/2

[Event "TCh-FRA Nat1 Final"]
[Site "Belfort FRA"]
[Date "2004.05.08"]
[Round "8"]
[White "Riff,S"]
[Black "Flear,C"]
[Result "0-1"]
[WhiteElo "2205"]
[BlackElo "2242"]
[EventDate "2004.05.01"]

1. e4 c5 2. Nc3 Nc6 3. Nf3 e5 4. Bc4 d6 5. d3 Be7 6. Be3 Nf6 7. h3 h6 8.
Nd5 a6 9. a4 Na5 10. Nxf6+ Bxf6 11. Bd5 Be6 12. Bxe6 fxe6 13. c3 Nc6 14.
O-O O-O 15. d4 exd4 16. cxd4 Qe7 17. Rc1 Rad8 18. Qd2 Qf7 19. Rfd1 Qg6 20.
Qc2 Be7 21. Kf1 Nb4 22. Qb3 Qxe4 23. dxc5 dxc5 24. Bxc5 Bxc5 25. Rxc5 Rxd1+
26. Qxd1 Nd3 27. Rc2 Nf4 28. Rd2 Nxh3 29. Re2 Qc4 30. b3 Qg4 31. Rd2 Nf4
32. Ne1 Qh4 33. f3 Nh5 34. Kg1 Ng3 35. Rd7 Qh1+ 36. Kf2 Nf5 37. Rxb7 Qh4+
38. Kg1 Rd8 39. Qe2 Qd4+ 40. Qf2 Qd1 41. g4 Rd2 0-1

[Event "TCh-FRA Nat1 Final"]
[Site "Belfort FRA"]
[Date "2004.05.08"]
[Round "8"]
[White "Ricbour,J"]
[Black "Hennemann,X"]
[Result "1/2-1/2"]
[WhiteElo "2121"]
[BlackElo "2054"]
[EventDate "2004.05.01"]

1. e4 e6 2. d4 d5 3. Nd2 Nf6 4. e5 Nfd7 5. f4 c5 6. c3 Nc6 7. Ngf3 Qb6 8.
Nb3 cxd4 9. cxd4 a5 10. a4 Bb4+ 11. Kf2 f6 12. Be3 O-O 13. h4 Qd8 14. Bd3
fxe5 15. dxe5 Ndxe5 16. fxe5 Nxe5 17. Kg1 Nxf3+ 18. gxf3 Qd6 19. Rh2 Qg3+
20. Rg2 Qxf3 21. Bh6 Qxd1+ 22. Rxd1 Rf7 23. Rf1 Rxf1+ 24. Bxf1 Bf8 25. Bf4
Bd7 26. Bb5 Bxb5 27. axb5 g6 28. Be5 a4 29. Nd4 a3 30. bxa3 Rxa3 31. Nxe6
Be7 32. Rd2 Bxh4 33. Rxd5 Kf7 34. Nc7 g5 35. Rd7+ Kg6 36. Rd6+ Kf5 37. Bg7
Bg3 38. Rd7 Rb3 39. Ne8 Rxb5 40. Kg2 Bf4 41. Bh8 h5 42. Rf7+ Ke4 43. Nf6+
Kf5 44. Ne8+ Ke4 45. Nf6+ Kf5 46. Ne8+ Ke4 1/2-1/2

[Event "TCh-FRA Nat1 Final"]
[Site "Belfort FRA"]
[Date "2004.05.08"]
[Round "8"]
[White "Lautier,J"]
[Black "Degraeve,JM"]
[Result "1-0"]
[WhiteElo "2680"]
[BlackElo "2556"]
[EventDate "2004.05.01"]

1. d4 g6 2. e4 Bg7 3. c4 d6 4. Nc3 e5 5. Nf3 exd4 6. Nxd4 Nc6 7. Be3 Nge7
8. h4 f5 9. h5 Rf8 10. hxg6 hxg6 11. g3 fxe4 12. Nxe4 d5 13. Ng5 Bxd4 14.
Bxd4 dxc4 15. Bg7 Rg8 16. Bc3 Qxd1+ 17. Rxd1 b5 18. Ne4 Bf5 19. Nf6+ Kf7
20. Nxg8 Rxg8 21. Rh7+ Ke6 22. f3 g5 23. Rh6+ Bg6 24. Kf2 Kf7 25. Rd7 Ke8
26. Rxc7 Kd8 27. Rb7 Nf5 28. Rh8 Rxh8 29. Bxh8 a6 30. Bh3 Nb4 31. Kg2 Ne3+
32. Kh2 g4 33. fxg4 Nxa2 34. g5 Nf5 35. Rb6 Ne7 36. Bf6 1-0

[Event "TCh-FRA Nat1 Final"]
[Site "Belfort FRA"]
[Date "2004.05.08"]
[Round "8"]
[White "David,Alb"]
[Black "Fressinet,L"]
[Result "1/2-1/2"]
[WhiteElo "2580"]
[BlackElo "2638"]
[EventDate "2004.05.01"]

1. e4 e5 2. Nf3 Nc6 3. Bb5 a6 4. Ba4 Nf6 5. O-O Be7 6. Re1 b5 7. Bb3 d6 8.
c3 O-O 9. h3 Na5 10. Bc2 c5 11. d4 Nd7 12. Nbd2 exd4 13. cxd4 Nc6 14. d5
Nce5 15. Nxe5 Nxe5 16. a4 Bd7 17. f4 Ng6 18. Nf3 Bh4 19. Re2 Bg3 20. e5
dxe5 21. fxe5 Re8 22. e6 fxe6 23. Ng5 Nf8 24. Qd3 Bh4 25. dxe6 Bxe6 26.
Nxe6 Qxd3 27. Bxd3 Nxe6 28. axb5 axb5 1/2-1/2

[Event "TCh-FRA Nat1 Final"]
[Site "Belfort FRA"]
[Date "2004.05.08"]
[Round "8"]
[White "Bacrot,E"]
[Black "Apicella,M"]
[Result "1-0"]
[WhiteElo "2675"]
[BlackElo "2539"]
[EventDate "2004.05.01"]

1. e4 e6 2. d4 d5 3. Nc3 Bb4 4. e5 Ne7 5. a3 Bxc3+ 6. bxc3 c5 7. Qg4 O-O 8.
Bd3 Nbc6 9. Qh5 Ng6 10. Nf3 Qc7 11. Be3 c4 12. Bxg6 fxg6 13. Qg4 Bd7 14. h4
Rf5 15. Ng1 Qa5 16. Ne2 Raf8 17. Kd2 Ne7 18. Ng3 Rxf2+ 19. Bxf2 Rxf2+ 20.
Ne2 Nf5 21. Raf1 Rxf1 22. Rxf1 Qxa3 23. Qg5 Be8 24. Nf4 Bf7 25. Qd8+ Qf8
26. Qxf8+ Kxf8 27. g4 Ng3 28. Ra1 a6 29. Rb1 b5 30. Ra1 Ne4+ 31. Ke3 g5 32.
hxg5 Nxg5 33. Rxa6 Ke7 34. Ra7+ Kf8 35. Rb7 Be8 36. Kd2 g6 37. Kc1 Bc6 38.
Rc7 Be8 39. Rc8 Ke7 40. Kb2 h5 41. gxh5 gxh5 42. Ra8 h4 43. Ra7+ Kf8 44.
Ra1 Bf7 45. Rh1 h3 46. Nxh3 Nxh3 47. Rxh3 Bg6 48. Rh2 Ke7 49. Rg2 Be4 50.
Rg7+ Kd8 51. Ka3 Bxc2 52. Kb4 Ke8 1-0

[Event "TCh-FRA Nat1 Final"]
[Site "Belfort FRA"]
[Date "2004.05.08"]
[Round "8"]
[White "Nataf,IA"]
[Black "Relange,E"]
[Result "1-0"]
[WhiteElo "2535"]
[BlackElo "2505"]
[EventDate "2004.05.01"]

1. e4 c5 2. Nf3 e6 3. d4 cxd4 4. Nxd4 Nc6 5. Nc3 Qc7 6. Be2 a6 7. O-O Nf6
8. Kh1 d6 9. f4 Be7 10. a4 O-O 11. Be3 Re8 12. Bd3 Nb4 13. a5 Bd7 14. Qe1
Ng4 15. Bg1 e5 16. Nde2 d5 17. exd5 Nxd3 18. cxd3 exf4 19. Nxf4 Qd6 20. Qg3
Qh6 21. Ne6 Bxe6 22. dxe6 Qxe6 23. Rae1 Qg6 24. h3 Nf6 25. Qc7 Nh5 26. Bh2
Bh4 27. Rxe8+ Rxe8 28. Ne4 Qe6 29. Qxb7 g6 30. Nc5 Qf5 31. Rxf5 Re1+ 32.
Rf1 Rxf1+ 33. Bg1 Bf2 34. Ne4 Bxg1 35. g4 Nf4 36. Ng3 Re1 37. Qc8+ Kg7 38.
Qc3+ Bd4+ 39. Qxe1 Nxd3 40. Qd1 1-0

[Event "TCh-FRA Nat1 Final"]
[Site "Belfort FRA"]
[Date "2004.05.08"]
[Round "8"]
[White "Collas,S"]
[Black "Skripchenko,A"]
[Result "1/2-1/2"]
[WhiteElo "2331"]
[BlackElo "2456"]
[EventDate "2004.05.01"]

1. Nf3 Nf6 2. c4 e6 3. Nc3 d5 4. d4 Be7 5. Bg5 h6 6. Bh4 O-O 7. e3 b6 8.
Be2 Bb7 9. Bxf6 Bxf6 10. cxd5 exd5 11. Qb3 Re8 12. O-O c6 13. Rfe1 Nd7 14.
Rad1 Nf8 15. Bd3 g6 16. Bb1 Ne6 17. Qc2 Qd6 18. a3 Bg7 19. Ba2 Rad8 20. Rd2
c5 21. dxc5 Qxc5 22. Red1 Bxc3 23. Qxc3 Qxc3 24. bxc3 Rc8 25. Bxd5 Bxd5 26.
Rxd5 Rxc3 27. R5d3 Rec8 28. h4 Kg7 29. Rxc3 Rxc3 30. Rd7 Rc7 31. Rxc7 Nxc7
32. Nd4 Kf6 33. Kf1 Ne6 34. Nb5 a6 35. Nc3 Ke5 36. Ke2 g5 37. hxg5 hxg5 38.
f3 b5 39. Kd2 Nc5 40. Kc2 f5 41. Ne2 Na4 42. Nc1 Kd5 43. Nd3 a5 44. Nf2 Nc5
45. g4 fxg4 46. Nxg4 b4 47. axb4 axb4 48. f4 Ke6 1/2-1/2

[Event "TCh-FRA Nat1 Final"]
[Site "Belfort FRA"]
[Date "2004.05.08"]
[Round "8"]
[White "Sokolov,I"]
[Black "Svidler,P"]
[Result "1/2-1/2"]
[WhiteElo "2690"]
[BlackElo "2733"]
[EventDate "2004.05.01"]

1. d4 Nf6 2. c4 g6 3. Nc3 d5 4. Nf3 Bg7 5. Qa4+ Bd7 6. Qb3 dxc4 7. Qxc4 O-O
8. Bf4 Be6 9. Qxc7 Nd5 10. Qxd8 Rxd8 11. Nxd5 Bxd5 12. e3 Nd7 13. Bg5 f6
14. Bh4 Rac8 15. Bd3 e5 16. e4 Bc4 17. Bxc4+ Rxc4 18. b3 Rb4 19. Bg3 Bf8
20. Rb1 Rc8 21. O-O exd4 22. Rfd1 Nc5 23. Rbc1 d3 24. Rxd3 Rxe4 25. Rdd1
1/2-1/2

[Event "TCh-FRA Nat1 Final"]
[Site "Belfort FRA"]
[Date "2004.05.08"]
[Round "8"]
[White "Akopian,Vl"]
[Black "Kramnik,V"]
[Result "1/2-1/2"]
[WhiteElo "2689"]
[BlackElo "2764"]
[EventDate "2004.05.01"]

1. e4 e5 2. Nf3 Nc6 3. Bb5 a6 4. Ba4 Nf6 5. O-O Be7 6. Re1 b5 7. Bb3 O-O 8.
h3 Bb7 9. d3 d6 10. a3 Nb8 11. Nbd2 Nbd7 12. Nf1 Re8 13. Ng3 Nc5 14. Ba2
Ne6 15. Nf5 Bf8 16. Nh2 Kh8 17. Ng4 Nxg4 18. Qxg4 Qf6 19. h4 c6 20. h5 Bc8
21. Bxe6 Qxe6 22. Qh4 f6 23. Re3 Qf7 24. Rf3 d5 25. Be3 Be6 1/2-1/2

[Event "TCh-FRA Nat1 Final"]
[Site "Belfort FRA"]
[Date "2004.05.08"]
[Round "8"]
[White "Short,N"]
[Black "Delchev,A"]
[Result "1/2-1/2"]
[WhiteElo "2712"]
[BlackElo "2602"]
[EventDate "2004.05.01"]

1. e4 e5 2. Nf3 Nc6 3. Bb5 a6 4. Ba4 Nf6 5. O-O Nxe4 6. d4 b5 7. Bb3 d5 8.
dxe5 Be6 9. Nbd2 Nc5 10. c3 d4 11. Bxe6 Nxe6 12. cxd4 Ncxd4 13. a4 Bc5 14.
Ne4 Bb6 15. Be3 O-O 16. Nxd4 Bxd4 17. Bxd4 Qxd4 18. Qxd4 Nxd4 19. f4 Rfd8
20. axb5 axb5 21. Kf2 Kf8 22. Rfc1 Rxa1 23. Rxa1 Nc2 24. Rc1 Rd4 25. Rxc2
Rxe4 26. Kf3 Rb4 27. f5 Rb3+ 28. Ke4 Rb4+ 29. Kd5 Rf4 30. Rxc7 Rxf5 31. Kd6
g5 32. Rc2 Rf4 33. b3 Rb4 34. Rb2 Re4 35. Kd5 Re1 36. b4 Rc1 37. Re2 Rc4
38. Re4 Rc2 39. Rg4 h6 40. h4 gxh4 41. Rxh4 Kg7 42. Rg4+ Kf8 43. g3 Rc3 44.
Rf4 Kg7 45. Rg4+ 1/2-1/2

[Event "TCh-FRA Nat1 Final"]
[Site "Belfort FRA"]
[Date "2004.05.08"]
[Round "8"]
[White "Sulava,N"]
[Black "Dorfman,J"]
[Result "1/2-1/2"]
[WhiteElo "2478"]
[BlackElo "2602"]
[EventDate "2004.05.01"]

1. d4 d5 2. Nf3 Nf6 3. c4 dxc4 4. Nc3 c6 5. a4 Bf5 6. e3 e6 7. Bxc4 Bb4 8.
O-O O-O 9. Qe2 Bg4 10. Rd1 Qa5 11. e4 Qh5 12. h3 Bxf3 13. Qxf3 Qxf3 14.
gxf3 Nbd7 15. Na2 Be7 16. b4 a5 17. bxa5 Rxa5 18. Bb3 c5 19. e5 Nh5 20. f4
cxd4 21. Rxd4 Nc5 22. Bd1 g6 23. Rb1 Ng7 24. Nc3 Nf5 25. Rc4 Rd8 26. Ba3
Rd4 1/2-1/2

[Event "TCh-FRA Nat1 Final"]
[Site "Belfort FRA"]
[Date "2004.05.08"]
[Round "8"]
[White "Miralles,G"]
[Black "Vaisser,A"]
[Result "1/2-1/2"]
[WhiteElo "2450"]
[BlackElo "2573"]
[EventDate "2004.05.01"]

1. d4 e6 2. e4 d5 3. e5 c5 4. c3 Qb6 5. Nf3 Bd7 6. Be2 Nc6 7. O-O a5 8. Na3
cxd4 9. cxd4 Nb4 10. Be3 Ne7 11. Qd2 Nf5 12. Rfc1 Nxe3 13. fxe3 Be7 14. Nb1
a4 15. Nc3 O-O 16. Bd1 a3 17. Rab1 Bc6 18. bxa3 Rxa3 19. Rb3 Rxb3 20. Bxb3
Qa6 21. Rd1 Rc8 22. h3 h6 23. Kh1 Be8 24. Ng1 Nc6 25. Nge2 Na5 26. Bc2 Bb4
27. Rb1 Qc4 28. Rc1 Ba3 29. Rb1 Bb4 30. Rc1 Ba3 31. Rb1 Bb4 32. Rc1 Bb5 33.
Qd1 Bxc3 34. Nxc3 Qf1+ 35. Qxf1 Bxf1 36. Rxf1 Rxc3 37. Ba4 Nc4 38. Be8 Nxe3
39. Bxf7+ Kf8 40. Rf4 Rc4 41. Kh2 g5 42. Rf6 Nf1+ 43. Kg1 Ng3 44. Kh2 Ne4
45. Rf3 Nd2 46. Rf6 Ne4 47. Kg1 Ng3 48. Kh2 Ne4 49. Rf3 Ke7 50. Bh5 Ra4 51.
Rf7+ Kd8 52. Bg4 Rxd4 53. Bxe6 Nc5 54. Bf5 Rd2 55. Rf6 Rxa2 56. Rd6+ Ke7
57. Rxd5 Ne6 58. Rb5 Nd8 59. Bc8 Rc2 60. Bxb7 Nxb7 61. Rxb7+ Ke6 62. Rh7
Kxe5 63. Rxh6 Kf5 64. Ra6 1/2-1/2

[Event "TCh-FRA Nat1 Final"]
[Site "Belfort FRA"]
[Date "2004.05.08"]
[Round "8"]
[White "Nikolaidis,I"]
[Black "Marciano,D"]
[Result "1-0"]
[WhiteElo "2518"]
[BlackElo "2514"]
[EventDate "2004.05.01"]

1. d4 Nf6 2. c4 e6 3. Nf3 d5 4. Bg5 Be7 5. e3 O-O 6. Nc3 h6 7. Bh4 Ne4 8.
Bxe7 Qxe7 9. Rc1 Nxc3 10. Rxc3 c6 11. Qb3 Nd7 12. Qa3 Qxa3 13. Rxa3 Rd8 14.
c5 Re8 15. b4 e5 16. Be2 exd4 17. Nxd4 Nf8 18. Kd2 Ne6 19. Bd3 Bd7 20. Rc1
Kf8 21. Rb3 Nxd4 22. exd4 b5 23. Ra3 a5 24. Rxa5 Rxa5 25. bxa5 Ra8 26. a4
bxa4 27. a6 Bc8 28. Ra1 Bxa6 29. Rxa4 Bb7 30. Rxa8+ Bxa8 31. Ba6 Ke7 32.
Ke3 Kf6 33. h4 Kf5 34. Bc8+ Kg6 35. Kf4 Kf6 36. h5 Ke7 37. Kf5 Kd8 38. Ba6
Kc7 39. Ke5 Kd7 40. g4 Ke7 41. Kf5 f6 42. Bc8 Kf7 43. f3 Ke7 44. Kg6 Kf8
45. f4 Kg8 46. g5 hxg5 47. fxg5 fxg5 48. Kxg5 Kf8 49. Kg6 Kg8 50. h6 gxh6
51. Kxh6 Kf7 52. Kg5 Ke7 53. Kf5 Kd8 54. Ba6 Ke7 55. Ke5 Kd7 56. Kf6 Kd8
57. Ke6 Kc7 58. Ke7 Kb8 59. Kd7 Ka7 60. Bc8 Kb8 61. Kd8 Ka7 62. Kc7 Bb7 63.
Bd7 Ba6 1-0

[Event "TCh-FRA Nat1 Final"]
[Site "Belfort FRA"]
[Date "2004.05.08"]
[Round "8"]
[White "Kosten,A"]
[Black "Bujisho,B"]
[Result "1-0"]
[WhiteElo "2507"]
[BlackElo "2392"]
[EventDate "2004.05.01"]

1. c4 c5 2. Nc3 Nf6 3. g3 g6 4. Bg2 Bg7 5. e3 O-O 6. Nge2 Nc6 7. d4 d6 8.
O-O Bd7 9. b3 Rb8 10. Bb2 a6 11. Qd2 b5 12. cxb5 axb5 13. dxc5 dxc5 14.
Rfd1 Qb6 15. Nf4 Bg4 16. Ncd5 Nxd5 17. Nxd5 Qa7 18. Bxg7 Kxg7 19. Rdc1 b4
20. Qb2+ f6 21. Nxf6 exf6 22. Bxc6 Rbc8 23. Bg2 Rfd8 24. h3 Be6 25. Bf1 Rd6
26. g4 g5 27. a3 bxa3 28. Rxa3 Qf7 29. Bc4 Bxc4 30. bxc4 h5 31. Rb3 hxg4
32. hxg4 Rc7 33. Qe2 Qe6 34. Qf3 Rd8 35. Rb5 Rh8 36. Rb7 Rxb7 37. Qxb7+ Kg6
38. Qb1+ Kg7 39. Qf5 Qxf5 40. gxf5 Re8 41. Rd1 Re4 42. Rd7+ Kf8 43. Kg2
Rxc4 44. Rc7 Ke8 45. Kg3 Rc2 46. f3 c4 47. Kg4 c3 48. Kh5 Kd8 49. Rc4 Rf2
50. Rxc3 Rxf3 51. Kg6 g4 52. Kxf6 g3 53. Ra3 Kd7 54. Ra7+ Kd6 55. e4 g2 56.
Rg7 Rf2 57. e5+ Kd5 58. Rg4 1-0

[Event "TCh-FRA Nat1 Final"]
[Site "Belfort FRA"]
[Date "2004.05.08"]
[Round "8"]
[White "Sharif,Me"]
[Black "Bellaiche,A"]
[Result "0-1"]
[WhiteElo "2462"]
[BlackElo "2476"]
[EventDate "2004.05.01"]

1. Nf3 Nf6 2. g3 c5 3. Bg2 d5 4. O-O Nc6 5. d4 e6 6. c4 cxd4 7. Nxd4 Qb6 8.
Nb5 dxc4 9. N1c3 Bb4 10. Be3 Qd8 11. Qxd8+ Kxd8 12. Rfd1+ Bd7 13. Na4 Nd5
14. Bc5 b6 15. Bxd5 exd5 16. Bxb4 Nxb4 17. Nac3 Bxb5 18. Nxb5 Ke7 19. a3
Nc6 20. Rxd5 Rhd8 21. Rad1 Rxd5 22. Rxd5 a6 23. Nc3 b5 24. e4 Rd8 25. f4
Rxd5 26. Nxd5+ Kd6 27. Kf2 Nd4 28. Ke3 Nb3 29. Nc3 Nc5 30. e5+ Kc6 31. Kd4
a5 32. Nd1 Nb3+ 33. Kc3 Kc5 34. Ne3 b4+ 35. axb4+ axb4+ 36. Kc2 g6 37. Ng4
Nd4+ 38. Kc1 c3 39. bxc3 bxc3 40. Ne3 Kb4 41. Kd1 h5 42. h3 Nf5 43. Nc2+
Kb3 44. g4 hxg4 45. hxg4 Nh6 46. Ne3 Kb2 47. Nc4+ Kb1 48. Ke2 c2 49. Na3+
Kb2 50. Nxc2 Kxc2 51. Kf3 Kd3 52. f5 gxf5 53. gxf5 Nxf5 54. Kf4 Ng7 55. Kg5
Ne8 0-1

[Event "TCh-FRA Nat1 Final"]
[Site "Belfort FRA"]
[Date "2004.05.08"]
[Round "8"]
[White "Renet,O"]
[Black "Leski,M"]
[Result "1-0"]
[WhiteElo "2517"]
[BlackElo "2417"]
[EventDate "2004.05.01"]

1. d4 d5 2. c4 e5 3. Nf3 e4 4. Ng5 f5 5. Nh3 Nf6 6. Nc3 Be7 7. e3 Nbd7 8.
Be2 Nf8 9. Bd2 Ng6 10. Qc2 O-O 11. g3 c5 12. O-O-O Bd7 13. Kb1 a6 14. Bc1
Qe8 15. f3 exf3 16. Bxf3 Rb8 17. Nf4 b5 18. Nfxd5 bxc4 19. Rhe1 Kh8 20. h4
Nxd5 21. Bxd5 Bf6 22. Bxc4 Bb5 23. Nxb5 axb5 24. Bd3 Ne7 25. dxc5 Rc8 26.
e4 Rxc5 27. Qb3 Qg6 28. Bf4 Be5 29. Bg5 fxe4 30. Bxe4 Qe8 31. Rf1 Nc6 32.
Qd3 Nb4 33. Qe2 Rc4 34. Rxf8+ Qxf8 35. a3 Nc6 36. Rf1 Qa8 37. Qf3 Bf6 38.
Bxc6 Qxc6 39. Qxc6 Rxc6 40. Bxf6 gxf6 41. Rf5 1-0

[Event "TCh-FRA Nat1 Final"]
[Site "Belfort FRA"]
[Date "2004.05.08"]
[Round "8"]
[White "Claverie,C"]
[Black "Efimov,I"]
[Result "1/2-1/2"]
[WhiteElo "2339"]
[BlackElo "2496"]
[EventDate "2004.05.01"]

1. e4 c5 2. Nf3 d6 3. Bb5+ Nd7 4. d4 cxd4 5. Qxd4 e5 6. Qd3 Ngf6 7. Bg5 a6
8. Bxd7+ Bxd7 9. Nc3 Rc8 10. O-O Rc6 11. Rfd1 Be7 12. Rac1 h6 13. Bxf6 Bxf6
14. Nd5 O-O 15. c4 Bg5 16. Nxg5 Qxg5 17. Qg3 Re8 18. Qxg5 hxg5 19. b3 Be6
20. Nb4 Rb6 21. Nd5 1/2-1/2

[Event "TCh-FRA Nat1 Final"]
[Site "Belfort FRA"]
[Date "2004.05.08"]
[Round "8"]
[White "Lallemand,R"]
[Black "Nicoara,M"]
[Result "1-0"]
[WhiteElo "2277"]
[BlackElo "2252"]
[EventDate "2004.05.01"]

1. e4 c5 2. Nf3 Nc6 3. Bb5 d6 4. d4 cxd4 5. Qxd4 Bd7 6. Bxc6 Bxc6 7. Nc3
Nf6 8. Bg5 Qa5 9. O-O h6 10. Bxf6 gxf6 11. Nd5 Bxd5 12. exd5 Qc5 13. Qa4+
b5 14. Qe4 Rc8 15. c3 Rg8 16. a4 Qc4 17. Qf5 Rc5 18. Rfd1 bxa4 19. Rd4 Qe2
20. Rb4 e6 21. Qxf6 1-0

[Event "TCh-FRA Nat1 Final"]
[Site "Belfort FRA"]
[Date "2004.05.08"]
[Round "8"]
[White "Fontaine,R"]
[Black "Beikert,G"]
[Result "1-0"]
[WhiteElo "2525"]
[BlackElo "2440"]
[EventDate "2004.05.01"]

1. e4 c6 2. d4 d5 3. Nc3 dxe4 4. Nxe4 Bf5 5. Ng3 Bg6 6. Bc4 e6 7. N1e2 Bd6
8. O-O Nd7 9. Bf4 Nb6 10. Bb3 Nd5 11. Bxd6 Qxd6 12. Qd2 Ngf6 13. c4 Ne7 14.
Rfe1 O-O 15. Rad1 c5 16. Nf4 Nc6 17. dxc5 Qxc5 18. Qd6 Qa5 19. Qd2 Rfd8 20.
Qe3 Rxd1 21. Rxd1 Rd8 22. Rxd8+ Qxd8 23. Nge2 Ng4 24. Qc3 Qh4 25. Qg3 Qxg3
26. hxg3 Nge5 27. c5 Kf8 28. Ba4 Ke7 29. Bxc6 Nxc6 30. Nc3 Bc2 31. Nfe2 e5
32. f3 Ke6 33. Kf2 Nb4 34. Ke3 Na6 35. Nb5 Nxc5 36. Nxa7 Kd5 37. Nb5 Bg6
38. Nbc3+ Kc4 39. Nc1 Nd3 40. Nxd3 Bxd3 41. Nb5 Bf1 42. Nd6+ Kd5 43. Nxb7
Bxg2 44. b4 Bf1 45. a4 h5 46. b5 g5 47. Nd8 f5 48. Kf2 Bc4 49. b6 Ba6 50.
b7 Bxb7 51. Nxb7 h4 52. gxh4 gxh4 53. a5 h3 54. a6 Kc6 55. Na5+ 1-0

[Event "TCh-FRA Nat1 Final"]
[Site "Belfort FRA"]
[Date "2004.05.08"]
[Round "8"]
[White "Rausis,I"]
[Black "Godena,M"]
[Result "1/2-1/2"]
[WhiteElo "2484"]
[BlackElo "2533"]
[EventDate "2004.05.01"]

1. e4 e5 2. Nf3 Nc6 3. Bc4 Bc5 4. c3 Nf6 5. d3 a6 6. Nbd2 Ba7 7. O-O d6 8.
Bb3 O-O 9. h3 Ne7 10. Re1 Ng6 11. d4 b5 12. Nf1 Bb7 13. Ng3 c5 14. dxe5
dxe5 15. Qxd8 1/2-1/2

[Event "TCh-FRA Nat1 Final"]
[Site "Belfort FRA"]
[Date "2004.05.08"]
[Round "8"]
[White "Vallin,G"]
[Black "Chabanon,JL"]
[Result "1/2-1/2"]
[WhiteElo "2419"]
[BlackElo "2456"]
[EventDate "2004.05.01"]

1. d4 Nf6 2. c4 e6 3. Nc3 Bb4 4. e3 b6 5. Nge2 Ne4 6. Qc2 f5 7. a3 Bxc3+ 8.
Nxc3 Bb7 9. Nxe4 fxe4 10. g3 O-O 11. Bg2 d5 12. O-O Nd7 13. Bd2 Ba6 14. b3
c5 15. dxc5 bxc5 16. Bc3 Qg5 17. Rfd1 Nb6 18. Rd2 Rab8 19. Rad1 dxc4 20. b4
Nd5 21. Bxe4 Nxc3 22. Qxc3 cxb4 23. axb4 Rfd8 24. Rd7 Bb5 25. h4 Rxd7 26.
Rxd7 Qf6 27. Qxf6 gxf6 28. Rxa7 f5 29. Bc2 Bc6 30. Ra6 Bd5 31. Ra4 Bc6 32.
b5 Bxb5 33. Rb4 Rb7 34. e4 fxe4 35. Bxe4 c3 36. Bd3 Ba6 37. Rxb7 Bxb7 38.
f4 Bf3 39. Bc2 Bg4 40. Kf2 Kg7 41. Ke3 h6 42. Kd4 Kf6 1/2-1/2

[Event "TCh-FRA Nat1 Final"]
[Site "Belfort FRA"]
[Date "2004.05.08"]
[Round "8"]
[White "Gozzoli,Y"]
[Black "Eliet,N"]
[Result "1-0"]
[WhiteElo "2421"]
[BlackElo "2412"]
[EventDate "2004.05.01"]

1. d4 d5 2. c4 e6 3. Nf3 Nf6 4. Nc3 Nbd7 5. Bf4 c6 6. e3 Be7 7. h3 dxc4 8.
Bxc4 b5 9. Bd3 Bb7 10. O-O O-O 11. Rc1 Rc8 12. Ne5 Nxe5 13. Bxe5 Nd7 14.
Bg3 Qa5 15. Ne4 Rfd8 16. Bd6 Bf8 17. Bxf8 Nxf8 18. Nc5 Ba8 19. Qb3 Nd7 20.
Be4 Nxc5 21. Rxc5 g6 22. Rfc1 a6 23. h4 Rd6 24. g3 Bb7 25. a3 Qd8 26. Qc3
f6 27. Bf3 Kg7 28. a4 Qe7 29. axb5 axb5 30. Ra1 Qd7 31. Ra7 Ra8 32. Rxa8
Bxa8 33. Qa5 Bb7 34. Kg2 Kf7 35. Qb6 Ke7 36. Rc1 Qc8 37. Qc5 Qb8 38. g4 Kf7
39. g5 fxg5 40. hxg5 Qd8 41. Qe5 Kg8 42. Ra1 Qe7 43. Kg3 Rd8 44. Ra7 1-0